[Event "Troisdorf op"]
[Site "Troisdorf"]
[Date "2014.11.18"]
[Round "5"]
[White "Bigott, Martin"]
[Black "Schwarz, Andreas"]
[Result "1/2-1/2"]
[WhiteElo "1888"]
[BlackElo "2051"]
[PlyCount "35"]
[EventDate "2014.10.21"]
[EventType "swiss"]
[EventRounds "7"]
[EventCountry "GER"]
[SourceTitle "EXT 2016"]
[Source "ChessBase"]
[SourceDate "2015.10.08"]
[SourceVersion "1"]
[SourceVersionDate "2015.10.08"]
[SourceQuality "1"]

1. d4 d6 2. e4 Nf6 3. Nc3 e5 4. dxe5 dxe5 5. Qxd8+ Kxd8 6. Bg5 Be6 7. f3 Nbd7 8. Bb5 c6 9. Ba4 h6 10. Be3 Bc5 11. Kf2 Kc7 12. Bb3 Bxe3+ 13. Kxe3 Nc5 14. Bxe6 Nxe6 15. Nge2 Rhd8 16. Rhd1 a5 17. Rxd8 Rxd8 18. Rd1 1/2-1/2

[Event "Solingen Karneval op"]
[Site "Solingen"]
[Date "2014.03.01"]
[Round "2"]
[White "Bigott, Martin"]
[Black "Marcziter, Dmitrii"]
[Result "0-1"]
[WhiteElo "1890"]
[BlackElo "2277"]
[PlyCount "74"]
[EventDate "2014.02.28"]
[EventType "swiss"]
[EventRounds "5"]
[EventCountry "GER"]
[SourceTitle "EXT 2016"]
[Source "ChessBase"]
[SourceDate "2015.10.08"]
[SourceVersion "1"]
[SourceVersionDate "2015.10.08"]
[SourceQuality "1"]

1. d4 d5 2. Nf3 c5 3. c3 Nc6 4. Bf4 Nf6 5. e3 Qb6 6. Qb3 c4 7. Qxb6 axb6 8. Na3 Na7 9. Nc2 Bf5 10. Rc1 h6 11. h3 e6 12. Be2 Nc6 13. a3 Na5 14. Na1 Be7 15. 0-0 0-0 16. Bd1 Ne4 17. Bc2 b5 18. Rfd1 g5 19. Bh2 Nc6 20. Nd2 Rfd8 21. g4 Nxd2 22. Rxd2 Be4 23. Bd1 Kg7 24. f3 Bg6 25. Bc2 f5 26. Bd1 Rf8 27. Nc2 f4 28. exf4 gxf4 29. Re2 e5 30. dxe5 Bc5+ 31. Kg2 Rae8 32. e6 Rf6 33. Nb4 Nxb4 34. axb4 Be3 35. Ra1 Rfxe6 36. b3 Bd3 37. Rea2 d4 0-1